Samajika vishleshane karyakartarige kaipidi Bhaga 2. (Record no. 213461)

MARC details
000 -LEADER
fixed length control field 00804nam a2200217Ia 4500
003 - CONTROL NUMBER IDENTIFIER
control field OSt
005 - DATE AND TIME OF LATEST TRANSACTION
control field 20260522111917.0
008 - FIXED-LENGTH DATA ELEMENTS--GENERAL INFORMATION
fixed length control field 210719s2000 xx 000 0 und d
040 ## - CATALOGING SOURCE
Transcribing agency AL
041 ## - LANGUAGE CODE
Language code of text/sound track or separate title Konkani
082 ## - DEWEY DECIMAL CLASSIFICATION NUMBER
Classification number 309.54K JERS
100 ## - MAIN ENTRY--PERSONAL NAME
Personal name JEROME DISOJA,Ed
Dates associated with a name ಜೆರೋಮ್ ಡಿಸೋಜ , ಸಂ .
9 (RLIN) 264323
245 ## - TITLE STATEMENT
Title Samajika vishleshane karyakartarige kaipidi Bhaga 2.
Remainder of title ಸಾಮಾಜಿಕ ವಿಶ್ಲೇಷಣೆ ಕಾರ್ಯಕರ್ತರಿಗೆ ಕೈಪಿಡಿ ಭಾಗ ೨.
260 ## - PUBLICATION, DISTRIBUTION, ETC.
Place of publication, distribution, etc. Bengaluru
Name of publisher, distributor, etc. Pradeshika Daivashastra Kendra
Date of publication, distribution, etc. 2000
300 ## - PHYSICAL DESCRIPTION
Extent 86
Other physical details PB
365 ## - TRADE PRICE
Price amount 25
Currency code Rs
650 ## - SUBJECT ADDED ENTRY--TOPICAL TERM
Topical term or geographic name entry element Social Situation
9 (RLIN) 264324
650 ## - SUBJECT ADDED ENTRY--TOPICAL TERM
Topical term or geographic name entry element Dsouza
9 (RLIN) 264325
906 ## - LOCAL DATA ELEMENT F, LDF (RLIN)
a Samajika vishleshane Jati Rajakiya striyara paristiti Dalita Kraistaru
942 ## - ADDED ENTRY ELEMENTS (KOHA)
Source of classification or shelving scheme Dewey Decimal Classification
Koha item type Book
Holdings
Withdrawn status Lost status Source of classification or shelving scheme Damaged status Not for loan Collection code Home library Current library Date acquired Cost, normal purchase price Total Checkouts Full call number Barcode Date last seen Price effective from Koha item type
    Dewey Decimal Classification     Sociology St Aloysius Library St Aloysius Library 02/23/2001 25.00   309.54K JERS D01955 07/19/2021 07/19/2021 Donated Books
    Dewey Decimal Classification     Sociology St Aloysius Library St Aloysius Library 02/23/2001 25.00   309.54K JERS D01956 07/19/2021 07/19/2021 Donated Books
    Dewey Decimal Classification     Sociology St Aloysius Library St Aloysius Library 02/23/2001 25.00   309.54K JERS D01957 07/19/2021 07/19/2021 Donated Books
    Dewey Decimal Classification     Sociology St Aloysius Library St Aloysius Library 02/23/2001 25.00   309.54K JERS D01958 07/19/2021 07/19/2021 Donated Books
    Dewey Decimal Classification     Sociology St Aloysius Library St Aloysius Library 02/23/2001 25.00   309.54K JERS D01959 07/19/2021 07/19/2021 Donated Books